| 000 | 01608nam a2200397 c 4500 | ||
|---|---|---|---|
| 003 | BLK | ||
| 005 | 20201127163252.0 | ||
| 008 | 180408b bul|||||r ||||||| ||bul|| | ||
| 010 | _aKNG00040708000 | ||
| 020 |
_a978-954-625-968-4 _bиздат.: Фют |
||
| 040 | _aBLK | ||
| 041 |
_aBUL _cBUL |
||
| 072 | 7 |
_2bullib _aН86 _xДетска отраслова литература Н |
|
| 080 |
_aВъздухоплаване. Авиация _b629.73 _x(02.053.2) _z629.73(02.053.2) |
||
| 100 | 1 |
_aТрухильо, Едуардо _eпърви автор _9275633 |
|
| 700 | 1 |
_aВалиенте, Ф. _eил. _9275634 |
|
| 700 | 1 |
_aИванова-Пламенова, Дафинка Владимирова _eпрев. _9275635 |
|
| 139 |
_aТрухильо, Едуардо _bТ 87 |
||
| 245 | 1 | 0 |
_aСамолетите _cЕдуардо Трухильо; ил. Ф. Валиенте; прев. Дафинка Владимирова Иванова-Пламенова. |
| 257 | _aSPA | ||
| 260 |
_аСофия _bФют _c2014 |
||
| 300 |
_a29 с. _bс цв. ил. _c29 см |
||
| 380 | _aDN | ||
| 490 | 1 | _aПрочети и научи! Потърси и намери! | |
| 500 | _aОриг. загл. Busca en los aviones y aeropuertos. | ||
| 650 | 4 |
_aСамолети _9170161 |
|
| 653 | _aсамолети | ||
| 653 | _aлитература за деца | ||
| 653 | _aдетска литература | ||
| 659 | _aН | ||
| 852 | _aЦб ІІ 20297 | ||
| 856 | 4 |
_qpdf _u |
|
| 856 | 4 |
_qpdf _u |
|
| 942 |
_cKNG _n0 _07 |
||
| 944 |
_aCR _c11.12.2014 _lф / _kВиолета_Тройчева |
||
| 944 |
_aED _c29.01.2016 _lф / _kЛюдмила_Стоянова |
||
| 999 |
_c37549 _d37549 |
||